Príprava a realizácia investičnej výstavby

Guardado en:
Detalles Bibliográficos
Autor principal: Mutiš, Andrej
Autor Corporativo: Vysoká škola ekonomická v Bratislave. Národohospodárska fakulta
Otros Autores: Vorlíčková, Jana
Formato: Libro
Lenguaje:eslovaco
Publicado: Bratislava VŠE 1982
Etiquetas: Agregar Etiqueta
Sin Etiquetas, Sea el primero en etiquetar este registro!

MARC

LEADER 00000nam a2200000 4500
001 c129367
005 20230116121525.7
041 0 |a slo 
044 |a SK 
245 1 0 |a Príprava a realizácia investičnej výstavby  |c Andrej Mutiš, Jana Vorlíčková 
264 1 |a Bratislava  |b VŠE  |c 1982 
300 |a 168 s. 
100 1 |a Mutiš, Andrej 
700 1 |a Vorlíčková, Jana 
710 2 |a Vysoká škola ekonomická v Bratislave. Národohospodárska fakulta